Psychology of gender/sex / (Record no. 51986)

MARC details
000 -LEADER
fixed length control field 00597nam a2200229Ia 4500
005 - DATE AND TIME OF LATEST TRANSACTION
control field 20260429112029.0
008 - FIXED-LENGTH DATA ELEMENTS--GENERAL INFORMATION
fixed length control field 260429s9999||||xx |||||||||||||| ||und||
020 ## - INTERNATIONAL STANDARD BOOK NUMBER
International Standard Book Number 9781032638966
041 ## - LANGUAGE CODE
Language English
082 ## - DEWEY DECIMAL CLASSIFICATION NUMBER
Classification number 155.33
Item number HEL
100 ## - MAIN ENTRY--PERSONAL NAME
Personal name Helgeson, Vicki S.
245 #0 - TITLE STATEMENT
Title Psychology of gender/sex /
Statement of responsibility, etc Vicki S. Helgeson
250 ## - EDITION STATEMENT
Edition statement 17th ed.
260 ## - PUBLICATION, DISTRIBUTION, ETC. (IMPRINT)
Place of publication, distribution, etc United Kingdom :
Name of publisher, distributor, etc Routledge,
Date of publication, distribution, etc 2025.
300 ## - PHYSICAL DESCRIPTION
Extent xiv, 760 p.; pbk
650 ## - SUBJECT ADDED ENTRY--TOPICAL TERM
Topical term or geographic name as entry element Gender
650 ## - SUBJECT ADDED ENTRY--TOPICAL TERM
Topical term or geographic name as entry element Sex psychology
650 ## - SUBJECT ADDED ENTRY--TOPICAL TERM
Topical term or geographic name as entry element Psychology
700 ## - ADDED ENTRY--PERSONAL NAME
Personal name Balhan, Krystle
700 ## - ADDED ENTRY--PERSONAL NAME
Personal name Winterrowd, Erin
942 ## - ADDED ENTRY ELEMENTS (KOHA)
Koha item type Text Books
Holdings
Withdrawn status Lost status Damaged status Not for loan Collection code Home library Location Shelving location Date of Cataloging Source of acquisition Total Checkouts Full call number Barcode Date last seen Price effective from Koha item type
        Non-fiction CUTN Central Library CUTN Central Library Philosophy & psychology 29/04/2026 Overseas Press, New Delhi - Invoice No. IN32831 on 09-02-2026   155.33 HEL 57029 29/04/2026 29/04/2026 Text Books